Nadané dieťa

Saved in:
Bibliographic Details
Main Author Stehlíková, Monika
Format Electronic eBook
LanguageCzech
Published Grada SK 2022
Edition1. elektronické vydání
Subjects
Online AccessDostupné v BOOKPORT po přihlášení pomocí eduID
ISBN978-80-8090-290-2
978-80-8090-288-9
Physical Description1 online zdroj (176 stran)

Cover

LEADER 00000nam a2200000 i 4500
001 bkp100127
003 CZ-prgp
005 20230313115030.0
006 m o d
007 cr cn
008 230313s2022 xr o 000 0 cze
020 |a 978-80-8090-290-2  |c 309 Kč  |q (online ; epub) 
020 |a 978-80-8090-288-9  |c 175 Kč  |q (print) 
040 |a Grada  |b cze  |e rda 
100 1 |a Stehlíková, Monika 
245 1 0 |a Nadané dieťa  |c Monika Stehlíková 
250 |a 1. elektronické vydání 
264 1 |b Grada SK  |c 2022 
300 |a 1 online zdroj (176 stran) 
336 |a text  |b txt  |2 rdacontent 
337 |a počítač  |b c  |2 rdamedia 
338 |a online zdroj  |b cr  |2 rdacarrier 
520 3 |a Výchova a vzdelávanie nadaných detí môžu byť pre rodičov i učiteľov veľmi náročné a veľakrát ich privádzajú do situácií bezradnosti. Kniha ponúka odporúčania na výchovu, ale aj cvičenia, techniky a metódy vzdelávania s cieľom: aby boli nadané deti šťastné, mohli rozvíjať svoj mimoriadny potenciál a nadanie, pracovať na svojich slabých stránkach a uspieť v živote. 
650 0 4 |a Rady pro rodiče 
856 4 0 |u https://www.bookport.cz/AccountSaml/SignIn/?idp=https://shibboleth.utb.cz/idp/shibboleth&returnUrl=/kniha/nadane-dieta-11642/  |y Dostupné v BOOKPORT po přihlášení pomocí eduID